Maiduguri journal of peace, diplomatic and development studies: A bi-annual journal of the centre for peace and development studies, university of maiduguri (Record no. 38482)

MARC details
000 -LEADER
fixed length control field 00563nam a2200157Ia 4500
022 ## - INTERNATIONAL STANDARD SERIAL NUMBER
ISSN 07943318
050 ## - CALL MARK
Classification number JZ 5511.2 .M35/
245 #0 - TITLE STATEMENT
Title Maiduguri journal of peace, diplomatic and development studies: A bi-annual journal of the centre for peace and development studies, university of maiduguri
260 ## - PUBLICATION, DISTRIBUTION, ETC. (IMPRINT)
Name of publisher Taylor and Francis Group
260 ## - PUBLICATION, DISTRIBUTION, ETC. (IMPRINT)
Year of publication 2009
300 ## - PHYSICAL DESCRIPTION
Number of Pages v. , 112 p. 24 cm.
650 ## - SUBJECT ADDED ENTRY--TOPICAL TERM
Topical Term Conflict management--Africa--Periodicals. Peace--Periodicals.
942 ## - ADDED ENTRY ELEMENTS (KOHA)
Koha item type Serials

No items available.